000 00277nam a2200121Ia 4500
008 191201s2014 xx 000 0 und d
100 _aRAGHUNATH, H.M
245 0 _aGround Water
260 _aN. delhi
_bNew Age
_c2014
300 _a504
650 _aB.Tech(CE)
942 _2ddc
_cBK
999 _c6164
_d6164